| 000 | 00000nam 2200000zi 4500 |
| 001 | 9.963277 |
| 003 | CaOODSP |
| 005 | 20260603102815 |
| 006 | m o d f |
| 007 | cr |n||||||||| |
| 008 | 260603m19581946onc o f000 0 eng d |
| 040 | |aCaOODSP|beng|erda|cCaOODSP |
| 043 | |an-cn--- |
| 086 | 1 |aP29-001-021-1958E-PDF |
| 245 | 00|aSpecification for varnish vehicle for aluminum paint : |btype 3 : for high temperature use. |
| 250 | |aWithdrawn |
| 264 | 1|aOttawa, Canada : |bCanadian Government Specifications Board, |c1946, 1958. |
| 300 | |a1 online resource (2 pages) |
| 336 | |atext|btxt|2rdacontent |
| 337 | |acomputer|bc|2rdamedia |
| 338 | |aonline resource|bcr|2rdacarrier |
| 500 | |aDigitized edition from print [produced by Canadian General Standards Board]. |
| 500 | |a"CGSB Specification 1-GP-21, dated 3 September 1946, is cancelled as of 8 August 1958." |
| 710 | 1 |aCanadian Government Specifications Board, |eissuing body. |
| 856 | 40|qPDF|s1620 KB|uhttps://publications.gc.ca/collections/collection_2026/ongc-cgsb/P29-001-021-1958-eng.pdf |